1721 1498 1660 1427 1914 1187 1851 1210 1068 1436 1972 1585 1225 1521 1320 1526 1362 1918 1370 1823 1007 1503 1580 1603 1085 1220 1311 1639 1246 1663 1899 1606 1211 1284 1870 1865 1117 1736 1080 1345 1379 1223 1369 1225 1021 1180 1076 1182 1311 1870 1573 1057 1102 1387 1132 1349 1296 1202 1434 1281 1316 1376 1248 1680 1024 1740 1283 1287 1591 1569 1406 1236 1490 1368 1866 1378 1110 1573 1313 1919 1803 1935 1457 1472 1897 1772 1959 1004 1446 1371 1022 1493 1504 1492 1320 1154 1069 1208 1311 BCNSPRNW ULIB Ver.6.0+V

เปลี่ยนเป็นภาษาไทย

Change to English
 แสดงรายละเอียดบรรณานุกรม
  กลับหน้าหลัก

Brief Record : Get Marc (ISO 2709) : E-mail record : QR code < ปิดหน้าต่าง
LEADER : 00000nam 2200000uu 4500
001    13399114839
003     ULIB
008    110627s2555||||th 000 0 tha d
090    นว.^b
100 0  คณิตยา
245 00 คนบ้ารัก/^c
250    พิมพ์ครั้งที่ 1
260    กรุงเทพฯ :^b,^c2555-
300    269 หน้า
945    ^p0^l0^i021031
945    ^p350^l0^i021030
995    ทศพร
999 ^a ใช้งานได้ทุกระบบ
รายการนี้ยังไม่มีแท็ก
คุณยังไม่ได้ล็อกอิน คุณสามารถมีกิจกรรมร่วมกับเว็บไซต์ได้ แต่ต้องล็อกอินก่อน ::
  ล็อกอิน

รายการสื่อสารสนเทศ

ลำดับที่ ประเภท เลขเรียก/บาร์โค้ด สถานที่ สถานะ
1. นวนิยาย
นวนิยาย
นว. ฉ.1 
  Barcode: 021031
ห้องสมุดวิทยาเขตสวรรค์ประชารักษ์
►นวนิยาย
บนชั้น
  ขอยืม

รายการใกล้เคียง
    ผู้แต่ง [คณิตยา]

BibComment


ยังไม่เคยถูกคอมเมนท์

คอมเมนท์ทรัพยากรรายการนี้
  คอมเมนท์: คนบ้ารัก


 Copyright 2026. Bcnsprnw @Library